Hamiltonian reduction by stages /
Guardado en:
| Otros Autores: | |
|---|---|
| Formato: | Libro |
| Idioma: | English |
| Publicado: |
Berlin ; New York :
Springer Verlag,
c2007.
|
| Series: | Lecture notes in mathematics (Springer-Verlag) ;
1913 |
| Materias: | |
| Acceso en línea: | Publisher description Table of contents only |
| Etiquetas: |
Agregar Etiqueta
Sin Etiquetas, Sea el primero en etiquetar este registro!
|
| LEADER | 01144cam a22002777a 4500 | ||
|---|---|---|---|
| 001 | MAT.inmabb006845 | ||
| 008 | 070418s2007####gw#a#####b####001#0#eng#d | ||
| 005 | 20180406151122.0 | ||
| 245 | 0 | 0 | |a Hamiltonian reduction by stages / |c Jerrold E. Marsden ... [et al.] |
| 260 | |a Berlin ; |a New York : |b Springer Verlag, |c c2007. | ||
| 300 | |a xv, 519 p. : |b il. ; |c 24 cm. | ||
| 490 | 1 | |a Lecture notes in mathematics, |x 0075-8434 ; |v 1913 | |
| 504 | |a Incluye referencias bibliográficas (p. [483]-508) e índice. | ||
| 510 | 4 | |a MR, |c 2008i:37112 | |
| 020 | |a 9783540724698 | ||
| 020 | |a 3540724699 | ||
| 700 | 1 | |a Marsden, Jerrold E. | |
| 830 | 0 | |a Lecture notes in mathematics (Springer-Verlag) ; |v 1913 | |
| 650 | 0 | |a Hamiltonian systems. | |
| 650 | 0 | |a Differential equations. | |
| 084 | |a 37J15 (37K65 53D20 70G45 70G65 70H33) |2 msc2010 | ||
| 010 | |a 2007927093 | ||
| 040 | |a BTCTA |c BTCTA |d BAKER |d OHX |d VPI |d YDXCP |d DLC | ||
| 856 | 4 | 2 | |3 Publisher description |u http://www.loc.gov/catdir/enhancements/fy0826/2007927093-d.html |
| 856 | 4 | 1 | |3 Table of contents only |u http://www.loc.gov/catdir/enhancements/fy0826/2007927093-t.html |
| 859 | |k H |p A-8907 |b BIB. MATEMATICA | ||
